Ish im hetz quiz - Statistics

General Stats
  • This quiz has been taken 26 times
  • The average score is 16 of 17
Answer Stats
Hint Answer % Correct
1 Ish im hetz
100%
2 Ish im hetz
100%
3 Ish im hetz
100%
4 Ish im hetz
100%
5 Ish im hetz
100%
6 Ish im hetz
100%
14 Ish im hetz
100%
15 Ish im hetz
100%
16 Ish im hetz
100%
17 Ish im hetz
100%
7 Ma ze ze
100%
8 Ma ze ze
100%
9 Ma ze ze
100%
10 Achbarim
88%
13 Jukim
75%
12 Yetushim
50%
11 Zvuvim
50%
No matching quizzes found
Score Distribution
Percent of People with Each Score
Percentile by Number Answered
Your Score History
You have not taken this quiz